Statistics for 1960s Albums by Cover

Click here to take the quiz!

General Stats

  • This quiz has been taken 71 times
  • The average score is 11 of 20

Answer Stats

Answer% Correct
{Blue} {Hawaii} – {Elvis} {Presley}
91%
{Electric} {Ladyland} – {The} {Jimi} {Hendrix} {Experience}
90%
{Led} {Zeppelin} – {Led} {Zeppelin}
90%
{Revolver} – {The} {Beatles}
87%
{Bookends} – {Simon} {&} {Garfunkel}
85%
{Pet} {Sounds} – {The} {Beach} {Boys}
82%
{Highway} {61} {Revisited} – {Bob} {Dylan}
81%
{The} {Velvet} {Underground} {&} {Nico} – {The} {Velvet} {Underground}
72%
{Let} {it} {Bleed} – {The} {Rolling} {Stones}
67%
{In} {the} {Court} {of} {the} {Crimson} {King} – {King} {Crimson}
58%
{The} {Monkees} – {The} {Monkees}
43%
{Green} {River} – {Creedence} {Clearwater} {Revival}
40%
{Songs} {of} {Leonard} {Cohen} – {Leonard} {Cohen}
40%
{A} {Love} {Supreme} – {John} {Coltrane}
34%
{Trout} {Mask} {Replica} – {Captain} {Beefheart} {and} {his} {Magic} {Band}
34%
{At} {Last} – {Etta} {James}
33%
{Hot} {Rats} – {Frank} {Zappa}
28%
{Getz}/{Gilberto} – {Stan} {Getz} and {João} {Gilberto}
15%
{People} – {Barbra} {Streisand}
7%
{Waltz} {for} {Debby} – {Bill} {Evans} {Trio}
6%

Score Distribution

Percentile by Number Answered

Percent of People with Each Score

Your Score History

You have not taken this quiz